Beyond myths & legends : a narrative history of Texas /

Bibliographic Details
Main Authors: Howell, Kenneth Wayne, 1967- (Author), Volanto, Keith Joseph (Author), Smith, F. Todd (Foster Todd), 1957- (Author), Grear, Charles D., 1976- (Author), Lawrence, Jennifer S. (Author)
Format: Book
Language:English
Published: Wheaton, IL : Abigail Press, 2020.
Edition:Sixth edition.
Subjects:

MARC

Tag First Indicator Second Indicator Subfields
LEADER 00000nam a2200000 i 4500
001 in00004645469
008 230202s2020 iluab b 001 0 eng d
005 20230202165118.2
035 |a (OCoLC)on1368027584 
040 |a TXA  |b eng  |e rda  |c TXA 
020 |a 9781890919986 
020 |a 1890919985 
035 |a (OCoLC)1368027584 
050 4 |a F386  |b .B49 2020 
245 0 0 |a Beyond myths & legends :  |b a narrative history of Texas /  |c Kenneth W. Howell, Keith J. Volanto, F. Todd Smith, Charles D. Grear, Jennifer S. Lawrence. 
246 3 |a Beyond myths and legends 
250 |a Sixth edition. 
264 1 |a Wheaton, IL :  |b Abigail Press,  |c 2020. 
300 |a xxi, 577 pages :  |b illustrations, maps ;  |c 25 cm 
336 |a text  |b txt  |2 rdacontent 
337 |a unmediated  |b n  |2 rdamedia 
338 |a volume  |b nc  |2 rdacarrier 
504 |a Includes bibliographical references and index. 
651 0 |a Texas  |x History. 
651 0 |a Texas  |x Politics and government. 
650 7 |a Politics and government  |2 fast  |0 (OCoLC)fst01919741 
651 7 |a Texas.  |2 fast  |0 (OCoLC)fst01210336 
655 7 |a History.  |2 fast  |0 (OCoLC)fst01411628 
700 1 |a Howell, Kenneth Wayne,  |d 1967-  |e author. 
700 1 |a Volanto, Keith Joseph,  |e author. 
700 1 |a Smith, F. Todd  |q (Foster Todd),  |d 1957-  |e author. 
700 1 |a Grear, Charles D.,  |d 1976-  |e author. 
700 1 |a Lawrence, Jennifer S.,  |e author. 
994 |a Z0  |b TXA 
948 |h HELD BY TXA - 0 OTHER HOLDINGS 
999 f f |s 456b4b23-5110-40e5-ac71-c2f87b65fcfc  |i eee471da-2e46-4d61-899f-ebcd5e3313af  |t 0 
952 f f |p 4_hour  |a Texas A&M University  |b College Station  |c Sterling C. Evans Library  |d Evans: Media and Reserves (Evans 1st floor)  |t 0  |e F386 .B49 2020  |h Library of Congress classification  |i unmediated -- volume  |m A14851313339 
998 f f |a F386 .B49 2020  |t 0  |l Evans: Library Stacks